[Event "SuperBad Blunder-filled Blitz"]
[Site "SchemingMind.com"]
[Date "2014.10.12"]
[Round "-"]
[White "CLewis73"]
[Black "BigDoggProblem"]
[Result "1-0"]
[WhiteCountry "ENG"]
[BlackCountry "USA"]
[WhiteElo "1765"]
[WhiteRD "76"]
[BlackElo "1893"]
[BlackRD "71"]
[GameID "366974"]

1. e4 c5 2. d4 cxd4 3. f4 e5 4. Nf3 d6 5. c3 Bg4 6. cxd4 Bxf3 7. Bb5+ Nd7 8. gxf3 Qh4+ 9. Kf1 exf4 10. Qa4 Qh3+
11. Kf2 Qh4+ 12. Ke2 Nf6 13. Nc3 Be7 14. e5 dxe5 15. dxe5 Bc5 16. exf6 Qf2+ 17. Kd3 O-O-O 18. fxg7 Nb6+ 19. Ke4 Rhe8+ 20. Bxe8 Nxa4
21. g8=Q Nxc3+ 22. bxc3 Qc2+ 23. Kxf4 Bd6+ 24. Ke3 Qxc3+ 25. Kf2 Qc2+ 26. Ke3 Be5 27. Bd7+ Kxd7 28. Qxf7+ Kc6 29. Qe6+ Bd6 30. Qe4+ Qxe4+
31. Kxe4
1-0

[Event "SuperBad Blunder-filled Blitz"]
[Site "SchemingMind.com"]
[Date "2014.10.12"]
[Round "-"]
[White "BigDoggProblem"]
[Black "CLewis73"]
[Result "1-0"]
[WhiteCountry "USA"]
[BlackCountry "ENG"]
[WhiteElo "1893"]
[WhiteRD "71"]
[BlackElo "1765"]
[BlackRD "76"]
[GameID "366975"]

1. e4 d5 2. exd5 Nf6 3. Bb5+ Bd7 4. Be2 Nxd5 5. d4 Bf5 6. c4 Nb6 7. Nc3 e6 8. a3 Be7 9. Nf3 O-O 10. O-O h6
11. Be3 c6 12. Qb3 Qc7 13. Ne5 N8d7 14. f4 Nxe5 15. fxe5 Rad8 16. Rad1 Bh7 17. Bf3 Rd7 18. d5 cxd5 19. cxd5 exd5 20. Nxd5 Qxe5
21. Bxb6 axb6 22. Nf6+ gxf6 23. Rxd7 Be4 24. Re1 Qc5+ 25. Kh1 Qf2 26. Qe3
1-0

[Event "SuperBad Blunder-filled Blitz"]
[Site "SchemingMind.com"]
[Date "2014.10.13"]
[Round "-"]
[White "CLewis73"]
[Black "e7e5"]
[Result "1-0"]
[WhiteCountry "ENG"]
[BlackCountry "POL"]
[WhiteElo "1765"]
[WhiteRD "76"]
[BlackElo "1431"]
[BlackRD "76"]
[GameID "367022"]

1. e4 e5 2. f4 d6 3. Nf3 Nc6 4. Bb5 Ne7 5. fxe5 dxe5 6. Nxe5 Bd7 7. Nxd7 Qxd7 8. O-O f6 9. d4 a6 10. Bxc6 bxc6
11. Bf4 Rb8 12. b3 f5 13. exf5 Nxf5 14. Qe2+ Ne7 15. c3 Kd8 16. Bg5 Kc8 17. Qxa6+ Kd8 18. Nd2 h6 19. Bxe7+ Bxe7 20. Ne4 Qd5
21. Rae1 Kd7 22. Qd3 Rhf8 23. c4 Rxf1+ 24. Rxf1 Qe6 25. Nc5+ Bxc5 26. dxc5+ Ke7 27. Qg3 Kd7 28. Qxg7+ Kc8 29. Rf8+ Kb7 30. Rxb8+ Kxb8
31. Qf8+ Kb7 32. Qf2 Qe5 33. h3 Ka6 34. a4 Ka5 35. Qd2+ Ka6 36. Qf2 Qc3 37. Qf3 Qb4 38. Qxc6+ Ka5 39. Qa8#
1-0

[Event "SuperBad Blunder-filled Blitz"]
[Site "SchemingMind.com"]
[Date "2014.10.13"]
[Round "-"]
[White "e7e5"]
[Black "CLewis73"]
[Result "0-1"]
[WhiteCountry "POL"]
[BlackCountry "ENG"]
[WhiteElo "1431"]
[WhiteRD "76"]
[BlackElo "1765"]
[BlackRD "76"]
[GameID "367023"]

1. e4 d5 2. exd5 Nf6 3. Nf3 e6 4. d4 exd5 5. Bg5 h6 6. Bh4 Be7 7. Bd3 O-O 8. Bg3 c5 9. O-O Nc6 10. c3 Qb6
11. b3 Bg4 12. Nbd2 cxd4 13. c4 Rad8 14. Qc2 Nb4 15. Qb1 Nxd3 16. Qxd3 Bxf3 17. Nxf3 dxc4 18. bxc4 Nh5 19. Be5 Bc5 20. Rab1 Qg6
21. Qb3 b6 22. Nh4 Qe4 23. Bg3 Nxg3 24. fxg3 Qe3+ 25. Kh1 Qxb3 26. Rxb3 Rfe8 27. Rbf3 Rd7 28. h3 Re2 29. Nf5 Rxa2 30. Kh2 Rc2
31. h4 Rxc4 32. Rf4 a5 33. Rg4 Bf8 34. Nxh6+ Kh7 35. Nxf7 Rc5 36. Ng5+ Kg8 37. Ne6 Rc8 38. Rgf4 Bc5 39. Rg4 Rc6 40. Ng5 d3
41. Rf5 d2 42. Nf3 d1=Q 43. Ne5 Qg1+
0-1

[Event "SuperBad Blunder-filled Blitz"]
[Site "SchemingMind.com"]
[Date "2014.10.13"]
[Round "-"]
[White "BigDoggProblem"]
[Black "e7e5"]
[Result "1-0"]
[WhiteCountry "USA"]
[BlackCountry "POL"]
[WhiteElo "1893"]
[WhiteRD "71"]
[BlackElo "1431"]
[BlackRD "76"]
[GameID "367024"]

1. e4 e5 2. Nf3 d6 3. d4 exd4 4. Nxd4 c5 5. Bb5+ Bd7 6. Bxd7+ Nxd7 7. Nf5 Qc7 8. c4 g6 9. Ne3 Bg7 10. Nd5 Qc6
11. Nbc3 Ngf6 12. Nb5 Nxd5 13. Qxd5 Qb6 14. Nxd6+
1-0

[Event "SuperBad Blunder-filled Blitz"]
[Site "SchemingMind.com"]
[Date "2014.10.12"]
[Round "-"]
[White "e7e5"]
[Black "BigDoggProblem"]
[Result "0-1"]
[WhiteCountry "POL"]
[BlackCountry "USA"]
[WhiteElo "1431"]
[WhiteRD "76"]
[BlackElo "1893"]
[BlackRD "71"]
[GameID "367025"]

1. e4 c6 2. Nf3 d5 3. exd5 cxd5 4. d4 Nf6 5. Bg5 Ne4 6. Bd3 Nxg5 7. Nxg5 e5 8. Qd2 e4 9. Be2 h6 10. Nxe4 dxe4
11. O-O Be7 12. Nc3 f5 13. Bh5+ Kf8 14. d5 Nd7 15. Qf4 Nf6 16. Bg6 Nxd5 17. Nxd5 Qxd5 18. Rad1 Qe6 19. Bh5 g6 20. Be2 Kg7
21. b3 Rd8 22. Rxd8 Bxd8 23. Rd1 Bd7 24. Bc4 Qe7 25. Qe3 Bb6 26. Qc3+ Kh7 27. Re1 Bc6 28. Bd3 Qd6 29. Bc4 Rd8 30. h3 Qd4
31. Qxd4 Rxd4 32. c3 Rd2 33. a3 Bxf2+
0-1

[Event "SuperBad Blunder-filled Blitz"]
[Site "SchemingMind.com"]
[Date "2014.10.15"]
[Round "-"]
[White "CLewis73"]
[Black "Scooter"]
[Result "1-0"]
[WhiteCountry "ENG"]
[BlackCountry "USA"]
[WhiteElo "1765"]
[WhiteRD "76"]
[BlackElo "1752"]
[BlackRD "44"]
[GameID "367169"]

1. Nf3 Nf6 2. g3 g6 3. Bg2 Bg7 4. O-O O-O 5. d3 d6 6. e4 e5 7. b3 Bg4 8. h3 Bxf3 9. Bxf3 Nc6 10. Bb2 Qd7
11. Bg2 Bh6 12. Nd2 Bxd2 13. Qxd2 Nd4 14. Bxd4 exd4 15. f4 c5 16. Rae1 Nh5 17. Kh2 Rfe8 18. f5 Re5 19. g4 Ng7 20. Qh6 Qc7
21. Kh1 d5 22. f6 Ne8 23. h4 dxe4 24. Bxe4 Rb8 25. h5 Qd7 26. hxg6
1-0

[Event "SuperBad Blunder-filled Blitz"]
[Site "SchemingMind.com"]
[Date "2014.10.15"]
[Round "-"]
[White "Scooter"]
[Black "CLewis73"]
[Result "1/2-1/2"]
[WhiteCountry "USA"]
[BlackCountry "ENG"]
[WhiteElo "1752"]
[WhiteRD "44"]
[BlackElo "1765"]
[BlackRD "76"]
[GameID "367170"]

1. d4 Nf6 2. Nf3 g6 3. Bf4 Bg7 4. e3 O-O 5. Be2 d6 6. O-O c5 7. c3 Qb6 8. Qb3 Be6 9. Qxb6 axb6 10. c4 h6
11. Nbd2 Nbd7 12. Bd3 Nh5 13. d5 Nxf4 14. exf4 Bg4 15. Rfb1 Bxf3 16. Nxf3 Rfe8 17. a3 e6 18. dxe6 Rxe6 19. Ra2 f5 20. b3 Nf6
21. Re1 Rxe1+ 22. Nxe1 Ne4 23. Bxe4 fxe4 24. f3 exf3 25. Nxf3 Re8 26. Kf2 Kf7 27. Re2 Rxe2+ 28. Kxe2 Kf6 29. g4 g5 30. f5 Ke7
31. a4 Kf6= 32. Ke3 Ke7 33. Ke4=
1/2-1/2

[Event "SuperBad Blunder-filled Blitz"]
[Site "SchemingMind.com"]
[Date "2014.10.16"]
[Round "-"]
[White "BigDoggProblem"]
[Black "Scooter"]
[Result "1-0"]
[WhiteCountry "USA"]
[BlackCountry "USA"]
[WhiteElo "1893"]
[WhiteRD "71"]
[BlackElo "1752"]
[BlackRD "44"]
[GameID "367171"]

1. e4 c6 2. d4 d5 3. e5 Bf5 4. h4 h6 5. g4 Bh7 6. e6 fxe6 7. Bd3 g6 8. h5 gxh5 9. Rxh5 Nf6 10. Re5 Bxd3
11. Qxd3 Kd7 12. Qe2 Rg8 13. f3 Qa5+ 14. Bd2 Qb6 15. Rxe6 Qxd4 16. Nh3 Qxb2 17. Bc3 Qb5 18. Qe3 c5 19. Bxf6 exf6 20. Re8 Qc6
21. Nf4 c4 22. Nc3 Rg7 23. Nfxd5 Qd6 24. O-O-O Qa3+ 25. Kb1
1-0

[Event "SuperBad Blunder-filled Blitz"]
[Site "SchemingMind.com"]
[Date "2014.10.16"]
[Round "-"]
[White "Scooter"]
[Black "BigDoggProblem"]
[Result "1-0"]
[WhiteCountry "USA"]
[BlackCountry "USA"]
[WhiteElo "1752"]
[WhiteRD "44"]
[BlackElo "1893"]
[BlackRD "71"]
[GameID "367172"]

1. d4 Nf6 2. Nf3 d5 3. Bf4 e6 4. e3 c5 5. Bb5+ Nbd7 6. c3 Qb6 7. Bxd7+ Bxd7 8. Qb3 Be7 9. Nbd2 O-O 10. O-O c4
11. Qxb6 axb6 12. h3 b5 13. Rfe1 b4 14. cxb4 Bxb4 15. a3 Be7 16. Ne5 Ba4 17. Rec1 Rac8 18. Nb1 Nd7 19. Nc3 Nxe5 20. Bxe5 Bd7
21. Rcb1 f6 22. Bg3 Ra8 23. b4 cxb3 24. Rxb3 Bc6 25. a4 Ra5 26. Bc7 Ra6 27. a5 Rfa8 28. Nb5 Bd8 29. Bxd8 Rxd8 30. Nc7 Ra7
31. Nxe6 Rd7 32. Nc5 Re7 33. a6 b5 34. Kf1 Kf8 35. Ke2 Ke8 36. Nb7 Kd7 37. Rc3 Re8 38. Nc5+ Kc7 39. Kd2 Kb6 40. Rcc1 Rea8
41. Kc3 Bd7 42. Kb4 Bc8 43. Ra5 Rc7 44. Rxb5+ Ka7 45. Ra1 Rb8 46. Rb7+ Rcxb7+ 47. axb7+ Kb6 48. Ra6+ Kc7 49. Ra8 Bxb7 50. Rxb8
1-0

[Event "SuperBad Blunder-filled Blitz"]
[Site "SchemingMind.com"]
[Date "2014.10.16"]
[Round "-"]
[White "e7e5"]
[Black "Scooter"]
[Result "0-1"]
[WhiteCountry "POL"]
[BlackCountry "USA"]
[WhiteElo "1431"]
[WhiteRD "76"]
[BlackElo "1752"]
[BlackRD "44"]
[GameID "367173"]

1. e4 c6 2. Nf3 d5 3. exd5 cxd5 4. d4 Nf6 5. Bg5 e6 6. Nc3 Bb4 7. Bd3 O-O 8. Ne5 Nbd7 9. O-O Bxc3 10. bxc3 Qc7
11. Qd2 Nxe5 12. dxe5 Qxe5 13. Rae1 Qc7 14. Bxf6 gxf6 15. Qh6 f5 16. g4 Qxc3 17. f4 Qg7 18. Qxg7+ Kxg7 19. gxf5 exf5 20. Rf3 Be6
21. Rg3+ Kf6 22. Kf2 Rg8 23. Rh3 Rg7 24. Re5 Rag8 25. Rh5 a6 26. Bxf5 Ke7 27. Ke3 Kd6 28. Kd4 Rc8 29. Rh6 Rc4+ 30. Kd3 Rxf4
31. Re1 Rxf5 32. c3 Kd7 33. Rh3 Rf2 34. Rhe3 Kd6 35. a4 Bf5+ 36. Kd4 Rg4+ 37. Re4 Rd2+ 38. Ke3 Rxe4+ 39. Kxd2 Rxe1 40. Kxe1 Kc5
41. Kd2 Kc4 42. a5 h5
0-1

[Event "SuperBad Blunder-filled Blitz"]
[Site "SchemingMind.com"]
[Date "2014.10.16"]
[Round "-"]
[White "Scooter"]
[Black "e7e5"]
[Result "1-0"]
[WhiteCountry "USA"]
[BlackCountry "POL"]
[WhiteElo "1752"]
[WhiteRD "44"]
[BlackElo "1431"]
[BlackRD "76"]
[GameID "367174"]

1. d4 Nf6 2. Nf3 g6 3. Bf4 Bg7 4. e3 O-O 5. Be2 d5 6. O-O Nc6 7. Nbd2 a6 8. c4 Be6 9. cxd5 Qxd5 10. Bxc7 Rac8
11. Bg3 Nh5 12. Bh4 b5 13. Ng5 Bf6 14. Bf3 Bxg5 15. Bxd5 Bxh4 16. Bxe6 fxe6 17. Qg4 Bf6 18. Qxe6+ Kg7 19. Rac1 Na7 20. Qxa6 Ra8
21. a3 e5 22. Rc7+ Rf7 23. Rfc1 Rc8 24. Qxa7 Rfxc7 25. Rxc7+ Rxc7 26. Qxc7+ Kh6 27. dxe5 Bg7 28. Nf3 Bh8 29. Qd8 Ng7 30. Qg5#
1-0

[Event "SuperBad Blunder-filled Blitz"]
[Site "SchemingMind.com"]
[Date "2014.10.23"]
[Round "-"]
[White "CLewis73"]
[Black "emvarela"]
[Result "1-0"]
[WhiteCountry "ENG"]
[BlackCountry "ARG"]
[WhiteElo "1789"]
[WhiteRD "73"]
[BlackElo "1686"]
[BlackRD "48"]
[GameID "367333"]

1. Nf3 d5 2. g3 c5 3. Bg2 Nc6 4. d4 cxd4 5. Nxd4 Nxd4 6. Qxd4 e6 7. O-O Qc7 8. Nc3 Nf6 9. Bf4 Qc6 10. b4 b5
11. e4 dxe4 12. Bxe4 Nxe4 13. Nxe4 Bb7 14. f3 Be7 15. Qxg7 O-O-O 16. Qxf7 Bxb4 17. c3 Qb6+ 18. Kh1 Bxe4 19. cxb4 Bg6 20. Rac1+
1-0

[Event "SuperBad Blunder-filled Blitz"]
[Site "SchemingMind.com"]
[Date "2014.10.23"]
[Round "-"]
[White "emvarela"]
[Black "CLewis73"]
[Result "1/2-1/2"]
[WhiteCountry "ARG"]
[BlackCountry "ENG"]
[WhiteElo "1686"]
[WhiteRD "48"]
[BlackElo "1789"]
[BlackRD "73"]
[GameID "367334"]

1. e4 e5 2. Nf3 f5 3. d4 fxe4 4. Nxe5 Nf6 5. Bg5 d6 6. Bxf6 Qxf6 7. Nc4 Be7 8. Nc3 Qg6 9. Ne3 c6 10. Be2 O-O
11. Bg4 Bxg4 12. Qxg4 Qxg4 13. Nxg4 d5 14. O-O Nd7 15. f3 exf3 16. Rxf3 Rxf3 17. gxf3 Rf8 18. Re1 Bb4 19. Re3 Bxc3 20. Rxc3=
1/2-1/2

[Event "SuperBad Blunder-filled Blitz"]
[Site "SchemingMind.com"]
[Date "2014.10.23"]
[Round "-"]
[White "BigDoggProblem"]
[Black "emvarela"]
[Result "1/2-1/2"]
[WhiteCountry "USA"]
[BlackCountry "ARG"]
[WhiteElo "1868"]
[WhiteRD "73"]
[BlackElo "1686"]
[BlackRD "48"]
[GameID "367335"]

1. e4 e5 2. Nf3 Nc6 3. Bb5 a6 4. Ba4 Nf6 5. O-O Be7 6. Re1 b5 7. Bb3 d6 8. c3 O-O 9. d4 Bg4 10. d5 Na5
11. Bc2 c6 12. b4 Nc4 13. dxc6 Bxf3 14. Qxf3 Qc7 15. Nd2 Nxd2 16. Bxd2 Qxc6 17. Bg5 Rac8 18. Re3 h6 19. Bxf6 Bxf6 20. Bb3 Rc7
21. Rd1 Rfc8 22. Red3 Rd8 23. g3 Qb6 24. h4 Rdd7 25. a4 a5 26. Qe2 axb4 27. cxb4 bxa4 28. Bxa4 Rd8 29. Qd2 Rc4 30. Rxd6 Rxd6
31. Qxd6 Qxd6 32. Rxd6 Rxb4 33. Bc6 Rb6 34. Kg2 Be7 35. Rd7 Rxc6 36. Rxe7 f6 37. g4 Rc3 38. f3 g6 39. Kg3 h5 40. gxh5 gxh5
41. Ra7 Rc8=
1/2-1/2

[Event "SuperBad Blunder-filled Blitz"]
[Site "SchemingMind.com"]
[Date "2014.10.23"]
[Round "-"]
[White "emvarela"]
[Black "BigDoggProblem"]
[Result "0-1"]
[WhiteCountry "ARG"]
[BlackCountry "USA"]
[WhiteElo "1686"]
[WhiteRD "48"]
[BlackElo "1868"]
[BlackRD "73"]
[GameID "367336"]

1. e4 d6 2. d4 Nf6 3. Nc3 g6 4. f4 Bg7 5. Nf3 c5 6. Bb5+ Bd7 7. Bxd7+ Nbxd7 8. O-O cxd4 9. Nxd4 Qb6 10. Be3 Qxb2
11. Qd2 Qa3 12. Rab1 Qa6 13. Ncb5 Rc8
0-1

[Event "SuperBad Blunder-filled Blitz"]
[Site "SchemingMind.com"]
[Date "2014.10.23"]
[Round "-"]
[White "e7e5"]
[Black "emvarela"]
[Result "0-1"]
[WhiteCountry "POL"]
[BlackCountry "ARG"]
[WhiteElo "1433"]
[WhiteRD "80"]
[BlackElo "1700"]
[BlackRD "51"]
[GameID "367337"]

1. e4 e5 2. Nf3 Nc6 3. Bb5 f5 4. Bxc6 dxc6 5. d3 Bd6 6. Bg5 Nf6 7. Nc3 h6 8. Bxf6 Qxf6 9. h3 f4 10. d4 exd4
11. Nxd4 Bd7 12. Nf3 O-O-O 13. O-O g5 14. Re1 Be5 15. Nxe5 Qxe5 16. Qe2 Be6 17. Red1 Rxd1+ 18. Rxd1 Rd8 19. a3 Rxd1+ 20. Qxd1 Qd6
21. Qe2 b5 22. e5 Qd4 23. Nd1 Bc4 24. Qg4+ Qd7 25. Qf3 Qe6 26. b3 Bd5 27. Qc3 f3 28. Ne3 fxg2 29. Nxd5 cxd5 30. Kxg2 Kd7
31. Qe3 a6 32. c3 Qf5 33. Qa7 Qe4+ 34. f3 Qe2+ 35. Kg3 Qxe5+ 36. Kf2 Qxc3 37. Qxa6 Qxb3 38. Qxh6 Qc2+ 39. Ke3 Qc3+ 40. Ke2 Qe5+
41. Kd3 c5 42. Qh7+ Qe7 43. Qg6 c4+ 44. Kc3 d4+ 45. Kxd4 Qd6+ 46. Qxd6+ Kxd6 47. Ke4 Kc5
0-1

[Event "SuperBad Blunder-filled Blitz"]
[Site "SchemingMind.com"]
[Date "2014.10.23"]
[Round "-"]
[White "emvarela"]
[Black "e7e5"]
[Result "1-0"]
[WhiteCountry "ARG"]
[BlackCountry "POL"]
[WhiteElo "1686"]
[WhiteRD "48"]
[BlackElo "1420"]
[BlackRD "75"]
[GameID "367338"]

1. e4 e5 2. Nf3 d6 3. d4 Bg4 4. dxe5 Bxf3 5. Qxf3 dxe5 6. Bc4 Nf6 7. Bg5 Be7 8. Bxf6 Bxf6 9. Nc3 Nc6 10. Rd1 Qe7
11. Nd5 Qd8 12. Nxf6+
1-0

[Event "SuperBad Blunder-filled Blitz"]
[Site "SchemingMind.com"]
[Date "2014.10.23"]
[Round "-"]
[White "emvarela"]
[Black "Scooter"]
[Result "1/2-1/2"]
[WhiteCountry "ARG"]
[BlackCountry "USA"]
[WhiteElo "1686"]
[WhiteRD "48"]
[BlackElo "1761"]
[BlackRD "48"]
[GameID "367339"]

1. e4 c6 2. d4 d5 3. exd5 cxd5 4. c4 Nf6 5. Nc3 e6 6. Nf3 Bd7 7. cxd5 Nxd5 8. Nxd5 exd5 9. Be3 Bb4+ 10. Bd2 Bxd2+
11. Qxd2 O-O 12. Be2 Re8 13. O-O Nc6 14. Rfe1 Qb6 15. a3 Bg4 16. h3 Bxf3 17. Bxf3 Nxd4 18. Bxd5 Nb3 19. Bxb3 Qxb3 20. Rxe8+ Rxe8
21. Rc1 h6 22. Rc3 Qe6 23. Re3 Qc8 24. b4=
1/2-1/2

[Event "SuperBad Blunder-filled Blitz"]
[Site "SchemingMind.com"]
[Date "2014.10.23"]
[Round "-"]
[White "Scooter"]
[Black "emvarela"]
[Result "1-0"]
[WhiteCountry "USA"]
[BlackCountry "ARG"]
[WhiteElo "1761"]
[WhiteRD "48"]
[BlackElo "1686"]
[BlackRD "48"]
[GameID "367340"]

1. d4 d5 2. Nf3 c5 3. c4 e6 4. e3 Nc6 5. cxd5 exd5 6. Bb5 Qa5+ 7. Nc3 Bd7 8. Bxc6 Bxc6 9. Bd2 cxd4 10. Nxd4 Bb4
11. Nxc6 bxc6 12. a3 d4 13. axb4 Qxb4 14. Nd5 Qd6 15. e4
1-0

[Event "SuperBad Blunder-filled Blitz"]
[Site "SchemingMind.com"]
[Date "2014.10.18"]
[Round "-"]
[White "CLewis73"]
[Black "Ramesh Panwar"]
[Result "0-1"]
[WhiteCountry "ENG"]
[BlackCountry "IND"]
[WhiteElo "1765"]
[WhiteRD "76"]
[BlackElo "2162"]
[BlackRD "60"]
[GameID "367354"]

1. Nf3 d5 2. g3 Nf6 3. Bg2 c5 4. O-O Nc6 5. d3 e5 6. Nbd2 Be7 7. e4 O-O 8. a4 dxe4 9. dxe4 Qc7 10. Qe2 Nd4
11. Nxd4 cxd4 12. Qc4 Qd6 13. b3 Be6 14. Qd3 Rac8 15. Ba3 Qc7 16. Bxe7 Qxe7 17. h3 Rc3
0-1

[Event "SuperBad Blunder-filled Blitz"]
[Site "SchemingMind.com"]
[Date "2014.10.18"]
[Round "-"]
[White "Ramesh Panwar"]
[Black "CLewis73"]
[Result "1-0"]
[WhiteCountry "IND"]
[BlackCountry "ENG"]
[WhiteElo "2162"]
[WhiteRD "60"]
[BlackElo "1765"]
[BlackRD "76"]
[GameID "367355"]

1. d4 d5 2. Nc3 c5 3. Nf3 Nc6 4. Bf4 Bg4 5. Ne5 Bh5 6. f3 e6 7. e3 cxd4 8. Nxc6 bxc6 9. Qxd4 Qb6 10. O-O-O Nf6
11. h4 Qxd4 12. exd4 Bg6 13. g4 h5 14. g5 Nd7 15. Ba6 Bb4 16. Bb7 O-O 17. Bxa8 Rxa8 18. Ne2 a5 19. Bg3 a4 20. Nf4 a3
21. b3 c5 22. Nxg6 fxg6 23. Be1 Bxe1 24. Rhxe1 Kf7 25. dxc5 Nxc5 26. Rd4 Re8 27. b4 Nb7 28. c4 dxc4 29. Kc2 Re7 30. b5 Na5
31. Red1 Ke8 32. Rd8+ Kf7 33. Kc3 Rc7 34. R8d7+
1-0

[Event "SuperBad Blunder-filled Blitz"]
[Site "SchemingMind.com"]
[Date "2014.10.18"]
[Round "-"]
[White "BigDoggProblem"]
[Black "Ramesh Panwar"]
[Result "0-1"]
[WhiteCountry "USA"]
[BlackCountry "IND"]
[WhiteElo "1893"]
[WhiteRD "71"]
[BlackElo "2162"]
[BlackRD "60"]
[GameID "367356"]

1. e4 e5 2. Nf3 Nc6 3. Bb5 Nf6 4. O-O Bd6 5. d4 Qe7 6. Nc3 Nxd4 7. Nxd4 exd4 8. e5 Bxe5 9. f4 dxc3 10. fxe5 Qc5+
11. Kh1 Qxe5 12. Re1 Ne4 13. Qe2 f5 14. bxc3 O-O 15. Ba3 d6 16. Bc4+ Be6 17. Bxe6+ Qxe6
0-1

[Event "SuperBad Blunder-filled Blitz"]
[Site "SchemingMind.com"]
[Date "2014.10.18"]
[Round "-"]
[White "Ramesh Panwar"]
[Black "BigDoggProblem"]
[Result "1-0"]
[WhiteCountry "IND"]
[BlackCountry "USA"]
[WhiteElo "2162"]
[WhiteRD "60"]
[BlackElo "1893"]
[BlackRD "71"]
[GameID "367357"]

1. e4 c5 2. Nf3 Nc6 3. Nc3 e6 4. Bb5 a6 5. Bxc6 dxc6 6. d3 Nf6 7. O-O Be7 8. Bf4 O-O 9. Qd2 b5 10. e5 Nd5
11. Ne4 Nxf4 12. Qxf4 f6 13. Rad1 Qc7 14. Qe3 Qa7 15. exf6 gxf6 16. d4 cxd4 17. Nxd4 e5 18. Nxc6 Qc7 19. Nxe7+ Qxe7 20. Rd6 Bb7
21. Rfd1 Rad8 22. Qb6 Rxd6 23. Nxd6 Rd8 24. Rd3
1-0

[Event "SuperBad Blunder-filled Blitz"]
[Site "SchemingMind.com"]
[Date "2014.10.18"]
[Round "-"]
[White "e7e5"]
[Black "Ramesh Panwar"]
[Result "0-1"]
[WhiteCountry "POL"]
[BlackCountry "IND"]
[WhiteElo "1431"]
[WhiteRD "76"]
[BlackElo "2162"]
[BlackRD "60"]
[GameID "367358"]

1. e4 e5 2. Nf3 Nc6 3. Bb5 Nf6 4. Bxc6 dxc6 5. d3 Bd6 6. Bg5 O-O 7. Nc3 h6 8. Bh4 Be6 9. O-O a5 10. d4 exd4
11. Nxd4 Be5 12. Nxe6 fxe6 13. Qxd8 Raxd8 14. f4 Bd4+ 15. Bf2 Bxc3 16. bxc3 Rd2 17. Rae1 Rxc2 18. Bc5 Rd8 19. Rd1 Rxd1 20. Rxd1 Nxe4
21. Bd4 Rxa2 22. g4 a4 23. Be5 Rd2 24. Re1 Nf2 25. h3 Nxh3+ 26. Kf1 Rf2#
0-1

[Event "SuperBad Blunder-filled Blitz"]
[Site "SchemingMind.com"]
[Date "2014.10.18"]
[Round "-"]
[White "Ramesh Panwar"]
[Black "e7e5"]
[Result "1-0"]
[WhiteCountry "IND"]
[BlackCountry "POL"]
[WhiteElo "2162"]
[WhiteRD "60"]
[BlackElo "1431"]
[BlackRD "76"]
[GameID "367359"]

1. g3 e5 2. e4 Nf6 3. Nc3 Bb4 4. Nge2 d5 5. exd5 Nxd5 6. Bg2 Be6 7. O-O O-O 8. d4 Nc6 9. dxe5 Nxc3 10. Nxc3 Bxc3
11. bxc3 Qd7 12. Qxd7 Bxd7 13. Rb1 b6 14. Rd1 Rad8 15. Rxd7 Rxd7 16. Bxc6 Rd1+ 17. Kg2 h5 18. f4 Rfd8 19. c4 Re1 20. Bf3 f6
21. Kf2 Rxc1 22. Rxc1 fxe5 23. fxe5 Rd2+ 24. Ke3 Rxh2 25. e6 Kf8 26. Rf1 Ke7 27. Bd5 c6 28. Rf7+ Kd6 29. e7
1-0

[Event "SuperBad Blunder-filled Blitz"]
[Site "SchemingMind.com"]
[Date "2014.10.23"]
[Round "-"]
[White "emvarela"]
[Black "Ramesh Panwar"]
[Result "0-1"]
[WhiteCountry "ARG"]
[BlackCountry "IND"]
[WhiteElo "1686"]
[WhiteRD "48"]
[BlackElo "2207"]
[BlackRD "52"]
[GameID "367360"]

1. e4 c5 2. Nf3 Nc6 3. d4 cxd4 4. Nxd4 e5 5. Nxc6 bxc6 6. Be3 Nf6 7. Bd3 Rb8 8. b3 d5 9. exd5 cxd5 10. Bg5 h6
11. Bxf6 Qxf6 12. a4 e4 13. Bb5+ Rxb5 14. Na3 Bb4+ 15. Kf1 Bg4 16. Nxb5 Bxd1 17. Rxd1 Bc5
0-1

[Event "SuperBad Blunder-filled Blitz"]
[Site "SchemingMind.com"]
[Date "2014.10.23"]
[Round "-"]
[White "Ramesh Panwar"]
[Black "emvarela"]
[Result "1-0"]
[WhiteCountry "IND"]
[BlackCountry "ARG"]
[WhiteElo "2207"]
[WhiteRD "52"]
[BlackElo "1686"]
[BlackRD "48"]
[GameID "367361"]

1. d4 Nf6 2. Nc3 d5 3. Nf3 g6 4. Bf4 a6 5. h3 Bg7 6. e3 e6 7. Bd3 O-O 8. O-O Nbd7 9. a4 b6 10. b3 Bb7
11. Ne2 Ne8 12. a5 b5 13. c4 bxc4 14. bxc4 dxc4 15. Bxc4 Bxf3 16. gxf3 Nd6 17. Rc1 Nxc4 18. Rxc4
1-0

[Event "SuperBad Blunder-filled Blitz"]
[Site "SchemingMind.com"]
[Date "2014.10.18"]
[Round "-"]
[White "Scooter"]
[Black "Ramesh Panwar"]
[Result "0-1"]
[WhiteCountry "USA"]
[BlackCountry "IND"]
[WhiteElo "1752"]
[WhiteRD "44"]
[BlackElo "2162"]
[BlackRD "60"]
[GameID "367362"]

1. d4 d5 2. Nf3 Nf6 3. Bf4 e6 4. e3 Bd6 5. Bxd6 Qxd6 6. c3 O-O 7. Be2 Nc6 8. O-O e5 9. dxe5 Nxe5 10. Nbd2 Nxf3+
11. Nxf3 Bf5 12. Nd4 Be4 13. Bf3 Rfe8 14. Bxe4 Nxe4 15. Qb3 Nd2
0-1

[Event "SuperBad Blunder-filled Blitz"]
[Site "SchemingMind.com"]
[Date "2014.10.18"]
[Round "-"]
[White "Ramesh Panwar"]
[Black "Scooter"]
[Result "1-0"]
[WhiteCountry "IND"]
[BlackCountry "USA"]
[WhiteElo "2162"]
[WhiteRD "60"]
[BlackElo "1752"]
[BlackRD "44"]
[GameID "367363"]

1. g3 e5 2. d4 exd4 3. c3 dxc3 4. Nxc3 Bb4 5. Qd4 Bxc3+ 6. Qxc3 Nf6 7. Bg5 d6 8. Rc1 c6 9. Rd1 O-O 10. Bxf6 gxf6
11. Bh3 Bxh3 12. Nxh3 d5 13. Rd4 Qd7 14. Qf3 f5 15. Rh4 f6 16. g4 Kh8 17. g5 Qg7 18. Rg1 Nd7 19. gxf6 Qxf6 20. Rxh7+ Kxh7
21. Qh5+
1-0

[Event "SuperBad Blunder-filled Blitz"]
[Site "SchemingMind.com"]
[Date "2014.10.20"]
[Round "-"]
[White "CLewis73"]
[Black "The Stonewall"]
[Result "0-1"]
[WhiteCountry "ENG"]
[BlackCountry "ENG"]
[WhiteElo "1765"]
[WhiteRD "76"]
[BlackElo "2293"]
[BlackRD "93"]
[GameID "367465"]

1. Nf3 d6 2. g3 e5 3. d3 f5 4. e4 Be7 5. Nc3 Nf6 6. Bg5 O-O 7. Qe2 Nc6 8. O-O-O Nxe4 9. Nxe4 fxe4 10. Bxe7 exf3
0-1

[Event "SuperBad Blunder-filled Blitz"]
[Site "SchemingMind.com"]
[Date "2014.10.20"]
[Round "-"]
[White "The Stonewall"]
[Black "CLewis73"]
[Result "1-0"]
[WhiteCountry "ENG"]
[BlackCountry "ENG"]
[WhiteElo "2293"]
[WhiteRD "93"]
[BlackElo "1765"]
[BlackRD "76"]
[GameID "367466"]

1. c4 e5 2. Nc3 Bb4 3. Nd5 Bc5 4. Nf3 e4 5. Ng5 e3 6. d4 exf2+ 7. Kxf2 Be7 8. Bf4 d6 9. e3 Bxg5 10. Bxg5 Nf6
11. Nxf6+ gxf6 12. Bh4 Bf5 13. Qf3 Qc8 14. Bxf6 O-O 15. e4 Bg6 16. Bd3 Nc6 17. Qf4
1-0

[Event "SuperBad Blunder-filled Blitz"]
[Site "SchemingMind.com"]
[Date "2014.10.24"]
[Round "-"]
[White "BigDoggProblem"]
[Black "The Stonewall"]
[Result "0-1"]
[WhiteCountry "USA"]
[BlackCountry "ENG"]
[WhiteElo "1868"]
[WhiteRD "73"]
[BlackElo "2276"]
[BlackRD "88"]
[GameID "367467"]

1. e4 c5 2. Nf3 Nc6 3. d4 cxd4 4. Nxd4 g6 5. Be3 Nf6 6. f3 Bg7 7. Qd2 O-O 8. c4 Nxd4 9. Bxd4 d6 10. Nc3 Qa5
11. Be2 Be6 12. O-O Rfc8 13. b3 b5 14. cxb5 Nxe4 15. fxe4 Bxd4+ 16. Qxd4 Rxc3 17. Kh1 Rac8 18. Bc4 Bxc4 19. bxc4 Rc5 20. Rxf7 Kxf7
21. Rf1+ Ke6
0-1